<?xml version='1.0' encoding='UTF-8'?>
  <record xmlns="http://www.loc.gov/MARC21/slim">
    <leader>00000cam a2200000 i 4500</leader>
    <controlfield tag="001">ocm67910780</controlfield>
    <controlfield tag="003">OCoLC</controlfield>
    <controlfield tag="005">20250313042835.2</controlfield>
    <controlfield tag="008">990531s1525    be            000 0 lat d</controlfield>
    <datafield tag="040" ind1=" " ind2=" ">
      <subfield code="a">NLGGC</subfield>
      <subfield code="b">eng</subfield>
      <subfield code="e">rda</subfield>
      <subfield code="e">dcrmr</subfield>
      <subfield code="c">NLGGC</subfield>
      <subfield code="d">OCLCL</subfield>
      <subfield code="d">QGJ</subfield>
      <subfield code="d">OCLCO</subfield>
      <subfield code="d">QGJ</subfield>
      <subfield code="d">OCLCF</subfield>
      <subfield code="d">OCLCO</subfield>
      <subfield code="d">OCLCQ</subfield>
    </datafield>
    <datafield tag="029" ind1="0" ind2=" ">
      <subfield code="a">NLGGC</subfield>
      <subfield code="b">182945375</subfield>
    </datafield>
    <datafield tag="035" ind1=" " ind2=" ">
      <subfield code="a">(OCoLC)67910780</subfield>
    </datafield>
    <datafield tag="041" ind1="1" ind2=" ">
      <subfield code="a">lat</subfield>
      <subfield code="h">grc</subfield>
    </datafield>
    <datafield tag="100" ind1="0" ind2=" ">
      <subfield code="a">John Chrysostom,</subfield>
      <subfield code="c">Saint,</subfield>
      <subfield code="d">-407,</subfield>
      <subfield code="e">author,</subfield>
      <subfield code="e">attributed name.</subfield>
      <subfield code="4">aut</subfield>
      <subfield code="4">att</subfield>
      <subfield code="1">https://id.oclc.org/worldcat/entity/E39PBJwMBVcVHrxfw9hVthqqQq</subfield>
    </datafield>
    <datafield tag="240" ind1="1" ind2="0">
      <subfield code="a">De orando Deum.</subfield>
      <subfield code="l">Latin</subfield>
      <subfield code="s">(Erasmus)</subfield>
    </datafield>
    <datafield tag="245" ind1="1" ind2="0">
      <subfield code="a">Divi Ioannis Chrysostomi de orando Deum, libri duo /</subfield>
      <subfield code="c">Erasmo Rot. interprete. Adiunctus est iisdem modus orandi Deum, autore Erasmo.</subfield>
    </datafield>
    <datafield tag="246" ind1="3" ind2=" ">
      <subfield code="a">De orando Deum, libri duo</subfield>
    </datafield>
    <datafield tag="264" ind1=" " ind2="1">
      <subfield code="a">[Antwerp] :</subfield>
      <subfield code="b">Michael Hillenius Excudebat.,</subfield>
      <subfield code="c">An. M. D. XXV. [1525]</subfield>
    </datafield>
    <datafield tag="300" ind1=" " ind2=" ">
      <subfield code="a">[56] leaves ;</subfield>
      <subfield code="c">15 cm (8vo)</subfield>
    </datafield>
    <datafield tag="336" ind1=" " ind2=" ">
      <subfield code="a">text</subfield>
      <subfield code="b">txt</subfield>
      <subfield code="2">rdacontent</subfield>
    </datafield>
    <datafield tag="337" ind1=" " ind2=" ">
      <subfield code="a">unmediated</subfield>
      <subfield code="b">n</subfield>
      <subfield code="2">rdamedia</subfield>
    </datafield>
    <datafield tag="338" ind1=" " ind2=" ">
      <subfield code="a">volume</subfield>
      <subfield code="b">nc</subfield>
      <subfield code="2">rdacarrier</subfield>
    </datafield>
    <datafield tag="340" ind1=" " ind2=" ">
      <subfield code="m">8vo</subfield>
      <subfield code="2">rdabf</subfield>
    </datafield>
    <datafield tag="500" ind1=" " ind2=" ">
      <subfield code="a">Place of publication from Nijhoff.</subfield>
    </datafield>
    <datafield tag="500" ind1=" " ind2=" ">
      <subfield code="a">Signatures: a-g⁸.</subfield>
    </datafield>
    <datafield tag="500" ind1=" " ind2=" ">
      <subfield code="a">Title within decorated border.</subfield>
    </datafield>
    <datafield tag="500" ind1=" " ind2=" ">
      <subfield code="a">With initials and printed marginalia.</subfield>
    </datafield>
    <datafield tag="510" ind1="4" ind2=" ">
      <subfield code="a">Nijhoff, W. Nederlandsche bibliographie van 1500 tot 1540 (1923-61 edition),</subfield>
      <subfield code="c">562</subfield>
    </datafield>
    <datafield tag="650" ind1=" " ind2="0">
      <subfield code="a">Prayer</subfield>
      <subfield code="v">Early works to 1800.</subfield>
    </datafield>
    <datafield tag="650" ind1=" " ind2="6">
      <subfield code="a">Prière</subfield>
      <subfield code="v">Ouvrages avant 1800.</subfield>
    </datafield>
    <datafield tag="650" ind1=" " ind2="7">
      <subfield code="a">Prayer</subfield>
      <subfield code="2">fast</subfield>
    </datafield>
    <datafield tag="655" ind1=" " ind2="7">
      <subfield code="a">Early works</subfield>
      <subfield code="2">fast</subfield>
    </datafield>
    <datafield tag="700" ind1="1" ind2="2">
      <subfield code="i">Container of (work):</subfield>
      <subfield code="a">Erasmus, Desiderius,</subfield>
      <subfield code="d">-1536.</subfield>
      <subfield code="t">Modus orandi Deum.</subfield>
    </datafield>
    <datafield tag="700" ind1="1" ind2=" ">
      <subfield code="a">Erasmus, Desiderius,</subfield>
      <subfield code="d">-1536,</subfield>
      <subfield code="e">translator.</subfield>
      <subfield code="4">trl</subfield>
      <subfield code="1">https://id.oclc.org/worldcat/entity/E39PBJwHfjfbWJYxDvw6tXDXh3</subfield>
    </datafield>
    <datafield tag="700" ind1="1" ind2=" ">
      <subfield code="a">Bourgondië, Maximiliaan van,</subfield>
      <subfield code="d">1514-1558,</subfield>
      <subfield code="e">dedicatee.</subfield>
      <subfield code="4">dte</subfield>
    </datafield>
    <datafield tag="700" ind1="1" ind2=" ">
      <subfield code="a">Łaski, Hieronim,</subfield>
      <subfield code="d">1496-1541,</subfield>
      <subfield code="e">dedicatee.</subfield>
      <subfield code="4">dte</subfield>
      <subfield code="1">https://id.oclc.org/worldcat/entity/E39PBJjCPYFCr6GxH9rmhX6VG3</subfield>
    </datafield>
    <datafield tag="752" ind1=" " ind2=" ">
      <subfield code="a">Belgium</subfield>
      <subfield code="d">Antwerp,</subfield>
      <subfield code="e">publication place.</subfield>
      <subfield code="4">pup</subfield>
    </datafield>
    <datafield tag="758" ind1=" " ind2=" ">
      <subfield code="a">Divi Joannis Chrysostomi De orando deum, libri duo (Text)</subfield>
      <subfield code="1">https://id.oclc.org/worldcat/entity/E39PCXm6hdQBbdjmCvMrVV6hH3</subfield>
      <subfield code="4">https://id.oclc.org/worldcat/ontology/hasWork</subfield>
    </datafield>
    <datafield tag="936" ind1=" " ind2=" ">
      <subfield code="a">BATCHLOAD</subfield>
    </datafield>
  </record>